| 000 | 00547nam a22001817a 4500 | ||
|---|---|---|---|
| 999 |
_c17624 _d17624 |
||
| 008 | 190510b xxu||||| |||| 00| 0 eng d | ||
| 020 | _a1305252486 | ||
| 040 |
_aKABU _cKABU |
||
| 050 |
_aRM218.7 _b.B38 2016 c. 1 |
||
| 100 | _aBauer, Kathleen D. | ||
| 245 |
_aNutrition counseling and education skill development _cKathleen D. Bauer, Doreen Liou |
||
| 250 | _a3rd ed. | ||
| 260 |
_aAustralia _bCengage Learning _c2016 |
||
| 300 | _axv, 448 p. | ||
| 650 | _aNutrition counseling | ||
| 700 | _aLiou, Doreen | ||
| 942 |
_2lcc _cBK _hRM218.7 |
||